| 000 | 00637nam a22001937a 4500 | ||
|---|---|---|---|
| 999 |
_c180782 _d180782 |
||
| 005 | 20210818113502.0 | ||
| 010 | _aENG-129740 | ||
| 020 | _c625.00 | ||
| 035 | _aEN-113413 | ||
| 037 | _bDBAD/PUB | ||
| 082 | _a590 | ||
| 100 | _aAminul Islam | ||
| 245 |
_aEssentials of Non-Chordates and Chordates: _cAminul Islam |
||
| 250 | _a2020 | ||
| 260 |
_aNew Delhi _bBooks & Allied _c2020 |
||
| 270 |
_bNew Delhi _a1st Floor, No.1-E(1), ‘SHUBHAM PLAZA, 83/1, Beleghata Main Road, Kolkata, West Bengal _e700010 _k03323740062 _mbooksandallied1960@gmail.com |
||
| 300 |
_axi;759p. _c22cm (pbk) |
||
| 942 |
_2ddc _cEN _kAMI _h590 |
||